Модель интеллектуального светодиодного светильника для уличного освещения; Перспективы развития фундаментальных наук; Т. 6 : Строительство и архитектура
| Parent link: | Перспективы развития фундаментальных наук=Prospects of Fundamental Sciences Development: сборник научных трудов XIII Международной конференции студентов, аспирантов и молодых ученых, г. Томск, 26-29 апреля 2016 г./ Национальный исследовательский Томский политехнический университет (ТПУ) ; под ред. И. А. Курзиной, Г. А. Вороновой.— , 2016 Т. 6 : Строительство и архитектура.— 2016.— [С. 64-66] |
|---|---|
| Autore principale: | |
| Ente Autore: | |
| Altri autori: | |
| Riassunto: | Заглавие с титульного экрана Modern energy is mainly based on non-renewable fossil primary energy sources. For example it of practical use of solar radiation is a combination of modern promising light sources - LEDs. The paper presents a model of the LED lamp on solar batteries, as well as it is application for lighting of public spaces. |
| Lingua: | russo |
| Pubblicazione: |
2016
|
| Soggetti: | |
| Accesso online: | http://earchive.tpu.ru/handle/11683/25960 |
| Natura: | Elettronico Capitolo di libro |
| KOHA link: | https://koha.lib.tpu.ru/cgi-bin/koha/opac-detail.pl?biblionumber=618047 |
MARC
| LEADER | 00000naa2a2200000 4500 | ||
|---|---|---|---|
| 001 | 618047 | ||
| 005 | 20231101133006.0 | ||
| 035 | |a (RuTPU)RU\TPU\conf\16408 | ||
| 035 | |a RU\TPU\conf\16407 | ||
| 090 | |a 618047 | ||
| 100 | |a 20160518d2016 k y0rusy50 ca | ||
| 101 | 0 | |a rus |d eng | |
| 102 | |a RU | ||
| 105 | |a y z 101zy | ||
| 135 | |a drcn ---uucaa | ||
| 181 | 0 | |a i | |
| 182 | 0 | |a b | |
| 200 | 1 | |a Модель интеллектуального светодиодного светильника для уличного освещения |d Model intelligent led lamps for street lighting |f Г. Ж. Ногайбекова |g науч. рук. К. П. Толкачёва | |
| 203 | |a Текст |c электронный | ||
| 230 | |a 1 компьютерный файл (pdf; 432 Кb) | ||
| 300 | |a Заглавие с титульного экрана | ||
| 320 | |a [Библиогр.: с. 66 (2 назв.)] | ||
| 330 | |a Modern energy is mainly based on non-renewable fossil primary energy sources. For example it of practical use of solar radiation is a combination of modern promising light sources - LEDs. The paper presents a model of the LED lamp on solar batteries, as well as it is application for lighting of public spaces. | ||
| 461 | 1 | |0 (RuTPU)RU\TPU\conf\16353 |t Перспективы развития фундаментальных наук |l Prospects of Fundamental Sciences Development |o сборник научных трудов XIII Международной конференции студентов, аспирантов и молодых ученых, г. Томск, 26-29 апреля 2016 г. |o в 7 т. |f Национальный исследовательский Томский политехнический университет (ТПУ) ; под ред. И. А. Курзиной, Г. А. Вороновой |d 2016 | |
| 463 | 0 | |0 (RuTPU)RU\TPU\conf\16360 |t Т. 6 : Строительство и архитектура |v [С. 64-66] |d 2016 | |
| 510 | 1 | |a Model intelligent led lamps for street lighting |z eng | |
| 610 | 1 | |a труды учёных ТПУ | |
| 610 | 1 | |a электронный ресурс | |
| 610 | 1 | |a светодиодные светильники | |
| 610 | 1 | |a светильники | |
| 610 | 1 | |a уличное освещение | |
| 610 | 1 | |a солнечные батареи | |
| 610 | 1 | |a светодиоды | |
| 610 | 1 | |a светодиодные лампы | |
| 610 | 1 | |a освещение | |
| 700 | 1 | |a Ногайбекова |b Г. Ж. | |
| 702 | 1 | |a Толкачёва |b К. П. |c специалист в области светотехники |c ассистент Томского политехнического университета |f 1986- |g Ксения Петровна |2 stltpush |4 727 | |
| 712 | 0 | 2 | |a Национальный исследовательский Томский политехнический университет (ТПУ) |b Институт физики высоких технологий (ИФВТ) |b Кафедра лазерной и световой техники (ЛиСТ) |h 65 |2 stltpush |3 (RuTPU)RU\TPU\col\18690 |
| 801 | 2 | |a RU |b 63413507 |c 20160625 |g RCR | |
| 856 | 4 | |u http://earchive.tpu.ru/handle/11683/25960 | |
| 942 | |c BK | ||